Финансовый анализ (Запис № 321625)

МАРК-запис
000 -Лідер
fixed length control field 00723nam a22002657a 4500
001 - Контрольний номер
control field 35266
003 - Ідентифікатор контрольного номера
control field UA-OsUOA
005 - Дата та час останнього входження (трансакції)
control field 20201128230534.0
007 - Фіксоване поле фізичного опису
fixed length control field ta
008 - Елементи даних фіксованої довжини – загальна інформація
fixed length control field 20051114b un ||||| |||| 00| 0 ukr d
020 ## - Міжнародний стандартний книжковий номер (ISBN)
Міжнародний стандартний книжковий номер (ISBN) (НП) 5-86509-050-Х
040 ## - Джерело каталогізації
Агенція оригінальної каталогізації UA-OsUOA
Мова каталогізації ukr
Агенція, яка здійснювала перезапис UA-OsUOA
Агенція, яка здійснювала модифікацію UA-OsUOA
041 ## - Код мови
Код мови тексту/ звукової доріжки чи окремого заголовка (П) ukr
080 ## - Індекс Універсальної десяткової класифікації
Індекс Універсальної десяткової класифікації (УДК) (НП) 336.(075.8)
090 ## - Локальний шифр розміщення
Класифікаційний індекс УДК 336.(075.8)
Авторський знак (НП) А86
100 ## - Основне введення – ім’я особи
Ім’я особи (НП) Артеменко В. Г.
245 ## - Відомості про назву
Назва (НП) Финансовый анализ
Решта назви (НП) учебное пособие
260 ## - Публікація, розповсюдження і т.п. (Вихідні дані)
Місце публікації, розповсюдження і т.п. (П) М.
Ім’я/ наймення видавництва, розповсюджувача і т.п. (П) Дис
Дата публікації, розповсюдження і т.п. (П) 1997
300 ## - Фізичний опис
Обсяг 128 с.
650 #7 - Додаткове предметне введення – тематичний термін
Джерело заголовка чи терміна UDC
700 ## - Додаткове введення – ім'я особи
Ім’я особи (НП) Беллендир М. В.
942 ## - Додаткові елементи входу (Коха)
Тип елемента Koha Книги
Source of classification or shelving scheme Universal Decimal Classification
955 ## - Код типу видання за змістом
Код типу видання за змістом (НП) Навчальні видання
Фонди
Стан вилучень Стан втрат Джерело класифікації або схеми стелажів Стан уражень Не для кредиту Постійне місце розташування Поточне розміщення Дата придбання Вартість, звичайна ціна покупки Інвентарний номер Усього замовленно Повний номер виклику Штрих-код Дата останнього перегляду Ціна ефективна від Тип елемента Koha Джерело придбання
    Universal Decimal Classification     ЧЗ - Читальна зала ЧЗ - Читальна зала 26/11/2003 23.00 65641   336.(075.8) А86 65641 06/02/2022 26/11/2003 Книги  
    Universal Decimal Classification     ЧЗ - Читальна зала ЧЗ - Читальна зала 26/11/2003 23.00 65642   336.(075.8) А86 65642 06/02/2022 26/11/2003 Книги  
Withdrawn   Universal Decimal Classification     ЧЗ - Читальна зала ЧЗ - Читальна зала 14/11/2005   87680   336.(075.8) А86 87680 13/07/2019 14/11/2005 Книги 118/2005
    Universal Decimal Classification     ЧЗ - Читальна зала ЧЗ - Читальна зала 28/11/2005   87681   336(075.8) А86 87681 06/02/2022 28/11/2005 Книги 118/2005